Places with long names - Statistics

General Stats
  • This quiz has been taken 6 times
  • The average score is 6 of 14
Answer Stats
Letters Hint Answer % Correct
13 The continent in which Paraguay is located South-America
100%
17 Country whose capital is St Johns Antigua and Barbuda
83%
22 The full name of CAR Central African Republic
83%
11 Biggest city in Tanzania Dar es Salaam
83%
14 Country whose capital is Port Moresby Papua New Guinea
83%
28 Country whose capital is Kingstown saint Vincent and the Grenadines
83%
12 A gulf southeast of the US Gulf of Mexico
67%
10 The capital of Mongolia Ulanbaatar
33%
16 The most expensive country in africa Equatorial Guinea
17%
22 River in Mississippi East Fork Tombigbee River
0%
15 River in Russia with the L Lower-Tunguska
0%
13 An island of Indonesia with the N Nusa Lembongan
0%
23 Capital of Sri Lanka Sri Jayewardenapura Kotte
0%
23 Mountain range in antartica Transantarctic Mountains
0%
No matching quizzes found
Score Distribution
Percent of People with Each Score
Percentile by Number Answered
Your Score History
You have not taken this quiz